00959nam a22002177a 45000010005000000030010000050050017000150080041000320200018000730400025000910800021001162450145001372460033002822600088003153000054004036100067004576500053005247000029005777000037006067100098006431547BR-CuiBMT20231217142006.0231214s2012 dfba f000 0 por d a9788570184351 aBR-CuiBMTcBR-CuiBMT a342.531:772200700a100 fotos de 2011 :bo dia a dia no Senado Federal /c[coordenação e execução, Paula Ciquetti ; fotógrafos, Ana Volpe ... et al.].12aCem fotos de dois mil e onze aBrasília :bSenado Federal, Secretaria Especial de Comunicação Social,c2012. a103 p. :bprincipalmente il. color. ;c23 x 28 cm14aBrasil.bCongresso Nacional.bSenado FederalxObras ilustradas aSenado FederalzBrasilxFotografias históricas1 aCinquetti, Paula4coord.1 aVolpe, Anaeet al.efotógrafos1 aBrasil.bCongresso Nacional.bSenado Federal.bSecretaria Especial de Comunicação Social.